000 00615nam a2200217Ia 4500
003 GCL
005 20240530103202.0
008 140319s9999 xx 000 0 ara d
040 _aGCL /
_cGCL
082 0 4 _a247.1
_bا ت
100 1 _aانعام احمد قدوم
245 1 0 _aالتشيع والتصوف :
_bلقاء ام افتراق /
_cانعام احمد قدوم
250 _aط1
260 _a[S.N] :
_bمركز جواد ،
_c1993
300 _a211 ص ؛
_c24 سم
650 0 4 _aالتصوف
650 0 4 _aالشيعة
650 0 4 _aالامامة
650 0 4 _aالعصمة
942 _2ddc
_cBK
999 _c37422
_d37422